000 00304nam a2200109 a 4500
005 20140414131959.0
008 110214s19uu xx 00 eng d
050 _aTR 372.4
_bJ71 2005
100 _aJones, Beverly
245 _aReady-to-use independent reading management kit :
_bGrades 1.
999 _c113030
_d113030